000 00809cam a2200193 4500
001 ABS61257
008 000000n 000 0 eng u
035 _a(Sirsi) u101874
100 _aCastorina, G.
245 _aDig for a planning victory.
490 _aEstates Gazette
_v(9936) 11 September 1999, 153-155(2)
520 _a Gives an overview of the planning protection for archaeological remains in the context of a report commissioned by the Housing Corporation, Social housing development and archaeology. This suggests that the government's commitment to brownfield development will make the issue increasingly important.
650 _aARCHAEOLOGICAL SITES
650 _aANCIENT MONUMENTS
650 _aBROWNFIELD SITES
690 _aPLANNING LAW AND PRACTICE
700 _aPiatt, A.
942 _n0
999 _c60979
_d60979